Riconosci il Pokémon - Quiz n°328 - Statistics

Statistiche generali
  • Questo quiz è stato fatto 1 volte
  • Il punteggio medio è 10 su 10
Statistiche sulle risposte
Indizio Risposta % Corretto
Altezza 0,4 m; > 21,0 m (Gigamax)
100%
Tasso di cattura 190 (35.2%)
100%
Sesso 50% ♂, 50% ♀
100%
Peso 6,0 kg; ???,? kg (Gigamax)
100%
Tipo Elettro
100%
Tasso di allevamento Medio-Veloce
100%
Pokémon Pikachu
100%
Generazione Prima
100%
Stadio evoluzione Prima evoluzione
100%
Abilità Statico (Normale; Gigamax); Parafulmine (Normale; Gigamax; Cosplay)
100%
Nessun quiz corrispondente trovato
Distribuzione punteggi
Percentuale di utenti per punteggio
Percentile per numero di risposta
I tuoi punteggi nel tempo
Non hai fatto questo quiz